000 00679cam a22002532i 4500
999 _c9978
_d9978
001 9978
003 BD-JhCC
005 20180404165632.0
008 180404s1972 nyua 000 0 eng d
035 _aOCLC ocm02175154 from D950912M
_a(BD-JhCC)9978
040 _aDVP
_cDVP
_dEQO
_d9977
041 _aeng
082 _bGOU 1972
_a796.54
090 _aSK601
_b.G685
100 1 _aGould, Heywood.
245 1 4 _aThe complete book of camping /
_cIllustrated by B. North
260 _aNew York :
_bNew American Library,
_c1972.
300 _a156 p. :
_bill. ;
_c19 cm
490 1 _aSignet book
650 0 _aCamping
830 0 _aSignet book
942 _2ddc
_cBK